Giáo trình lý thuyết và bài tập Microsoft Access 2000 lập trình ứng dụng cơ sở dữ liệu T.1 /

Bewaard in:
Bibliografische gegevens
Hoofdauteur: Nguyễn Đình Tê
Formaat: Boek
Taal:Vietnamese
Gepubliceerd in: Hà Nội 2000
Tags: Voeg label toe
Geen labels, Wees de eerste die dit record labelt!
Thư viện lưu trữ: Mạng thư viện Đại học Đà Nẵng
LEADER 00783nam a2200265 4500
001 000027406
003 GT&BT
005 20150403120000.0
008 150403s vm 000 vie
020 |c 0,0000 
040 |a notts 
100 |a Nguyễn Đình Tê 
245 |a Giáo trình lý thuyết và bài tập Microsoft Access 2000 lập trình ứng dụng cơ sở dữ liệu T.1 /  |c Nguyễn Đình Tê (chủ biên), Nguyễn Ngọc Minh, Trương Hải Thụy, Hoàng Đức Hải. 
260 |b Hà Nội  |c 2000 
OWN |a LTT 
999 |a From the UDN01 
TYP |a Monograph 
TYP |a Printed language 
980 |a Mạng thư viện Đại học Đà Nẵng